Quantitative structure-chromatographic retention relationships /

Bibliographic Details
Main Author: Kaliszan, Roman
Format: Book
Language:English
Published: New York : Wiley, [1987]
Series:Chemical analysis ; v. 93.
Subjects:

MARC

Tag First Indicator Second Indicator Subfields
LEADER 00000cam a2200000 a 4500
001 in00000008511
005 20151003070011.0
008 870527s1987 nyua b 00110 eng
010 |a  87014802  
020 |a 0471859834 :  |c $65.00 (est.) 
035 |a (OCoLC)16004866 
035 |9 AAA0904AM 
040 |a DLC  |c DLC  |d TXA  |d UtOrBLW 
050 0 0 |a QD117.C5  |b K35 1987 
082 0 |a 543/.089  |2 19 
100 1 |a Kaliszan, Roman. 
245 1 0 |a Quantitative structure-chromatographic retention relationships /  |c Roman Kaliszan. 
264 1 |a New York :  |b Wiley,  |c [1987] 
264 4 |c ©1987 
300 |a xi, 303 pages :  |b illustrations ;  |c 24 cm. 
336 |a text  |b txt  |2 rdacontent 
337 |a unmediated  |b n  |2 rdamedia 
338 |a volume  |b nc  |2 rdacarrier 
490 1 |a Chemical analysis ;  |v v. 93 
500 |a "A Wiley-Interscience publication." 
504 |a Includes bibliographies and index. 
650 0 |a Chromatographic analysis. 
650 0 |a Solution (Chemistry) 
830 0 |a Chemical analysis ;  |v v. 93. 
999 |a MARS 
999 f f |s 2c4d48bf-7cae-352a-b2fb-df92391b2104  |i 97ae2973-1ed0-34f0-8661-852ea8864f21  |t 0 
952 f f |p ric  |a Texas A&M University  |b Rellis Campus  |c Joint Library Facility  |d Remote Storage  |t 0  |e QD117.C5 K35 1987  |h Library of Congress classification  |i unmediated -- volume  |m A14812614901 
998 f f |a QD117.C5 K35 1987  |t 0  |l Remote Storage